000 00857nam a2200229 a 4500
003 0
005 20250210085728.0
008 120723s19uu xx 00 eng d
050 _aPGS ML 3830
_b.R572 2012
100 _aRiguera, Svetlana.
245 _aMusic preference and listening skills of SISC Grade 6 students /
_cSvetlana Riguera.
260 _aLas PiƱas City, Philippines :
_bSouthville International School and Colleges,
_c2012.
300 _a28 pages :
_billustrations ;
_c28 cm.
504 _aIncludes bibliographical references.
650 _aMusic
_vPsychological aspects.
650 _aMusic appreciation
_vPsychological aspects.
650 _aMusic preferences
_vPsychological aspects.
650 _aListening comprehension
_vPsychological aspects.
650 _aMusic perception.
650 _aAuditory perception.
942 _2lcc
_cPASS
999 _c98776
_d98776